000 02198cam a22004694i 4500
003 PE-LiUPU
005 20250731173509.0
008 150623s r 000 0 d
020 _a0802880479
035 _a(Sirsi) i9780802880475
040 _aPE-LiUPU
_bspa
_cPE-LiUPU
_erda
049 _aPRUA
082 0 4 _a270.9
_bS311979
_221
100 1 _aSchaff, Philip,
_eautor.
245 1 0 _aHistory of the christian church.
_n1,Apostolic Christianity /
_cPhilip Schaff.
264 1 _aMichigan :
_bWm. B. Eerdmans Publishing Company,
_c1979.
300 _a871 páginas :
_bilustraciones mapas ;
_c22 centímetros
336 _atext
_2rdacontent
337 _aunmediated
_2rdamedia
338 _avolume
_2rdacarrier
505 0 _aPreparation for christianity. Jesus Christ. The apostolic age. St. Peter and the conversion of the jews. St. Paul and the conversion fo the gentiles. The great tribulation. St. John and the last stadium of the apostolic period. Christian life in the apostolic church. Worship in the apostolic age. Organization of the apostolic church. Theology of the apostolic church. The new testament.
526 _aSEG42
526 _aSEG41
526 _aSEG40
526 _aSEG39
526 _aP94
526 _aP87
526 _aP86
526 _aP85
526 _aP77
526 _aP76
526 _aP35
650 0 4 _aIglesia
_xHistoria
_yPeríodo apostólico, 1-100 d. C.
942 _2ddc
_cBOOK
949 _a270.9 S31 1 1979
_wDEWEY
_c1
_i52952
_lCCODEBUL1
_mBUL
_p25.00
_r0
_sY
_tBOOK
_u2015-6-24
_xTEOLOGIA
_PP35
_0COMPRA
_o.STAFF. Colección General
949 _a270.9 S31 1
_wDEWEY
_c1
_i40751
_lCCODEBUL1
_mBUL
_r0
_sY
_tBOOK
_u2015-6-16
_xTEOLOGIA
_zUNKNOWN
_0COMPRA
_o.STAFF. Colección General
994 _aC0
_bPEPRU
596 _a1
999 _a270.9 S31 1
_wDEWEY
_c58538
_i40751
_d58538
_e2018-3-19
_f2021-11-11
_g5
_lCCODEBUL1
_mBUL
_n1
_r0
_sY
_tBOOK
_u2015-6-16
_xTEOLOGIA
_zUNKNOWN
_0COMPRA
_o.STAFF. Colección General
999 _a270.9 S31 1 1979
_wDEWEY
_c1
_i52952
_f2021-11-11
_g5
_lCCODEBUL1
_mBUL
_p25.00
_r0
_sY
_tBOOK
_u2015-6-24
_xTEOLOGIA
_PP35
_0COMPRA
_o.STAFF. Colección General
980 _81
_gALBERTO SANCHEZ Responsable de Automatización